| 000 | 00389nam a2200169Ia 4500 | ||
|---|---|---|---|
| 003 | 1234 | ||
| 005 | 20160419143104.0 | ||
| 008 | 140130s9999 xx 000 0 und d | ||
| 050 |
_aPZ 7 _b.C11165Mo 2009 |
||
| 245 |
_cCabot, Meg _aMoving day |
||
| 260 |
_bScholastic, _c2008 |
||
| 300 |
_a228 p. : _c20 cm. |
||
| 440 |
_v1 _931174 |
||
| 526 | _c850 | ||
| 942 |
_cBK _2lcc |
||
| 999 |
_c41226 _d41226 |
||